000 00688nam a22002057a 4500
999 _c7627
_d7627
003 OSt
005 20220119160057.0
008 220119b ||||| |||| 00| 0 eng d
020 _a9780521565233
040 _cDDC
082 _a577 SHU 1998
100 _aShugart, Herman H
_914046
245 _aTerrestrial ecosystems in changing environments
260 _a New York :
_b Cambridge University press;
_c1998
300 _axiv, 537 pages :
_billustrations, color maps ;
_c24 cm
504 _aIncludes bibliographical references and index
650 _aEcology -- Mathematical models.
_915596
650 _aGlobal environmental change -- Mathematical models.
_915597
942 _2ddc
_cBOOK